|
|
|
|
| LEADER |
00000nam0a2200000 4500 |
| 001 |
356710 |
| 005 |
20231102010923.0 |
| 035 |
|
|
|a (RuTPU)RU\TPU\retro\13970
|
| 090 |
|
|
|a 356710
|
| 100 |
|
|
|a 20200723d1977 km y0rusy50 ca
|
| 101 |
0 |
|
|a rus
|
| 102 |
|
|
|a RU
|
| 105 |
|
|
|a y z 001zy
|
| 200 |
1 |
|
|a Введение в теорию внешних форм
|f Н. В. Ефимов
|
| 210 |
|
|
|a Москва
|c Наука
|d 1977
|
| 215 |
|
|
|a 86 с.
|
| 320 |
|
|
|a Библиогр.: с. 84
|
| 320 |
|
|
|a Предметный указатель: с. 85-86
|
| 606 |
1 |
|
|a Ортогональные формы
|2 stltpush
|3 (RuTPU)RU\TPU\subj\64139
|9 81061
|
| 610 |
1 |
|
|a внешние формы
|
| 610 |
1 |
|
|a теория
|
| 610 |
1 |
|
|a внешнее дифференцирование
|
| 610 |
1 |
|
|a дифференцированные формы
|
| 610 |
1 |
|
|a интегрирование
|
| 675 |
|
|
|a 514.745
|v 4
|
| 700 |
|
1 |
|a Ефимов
|b Н. В.
|g Николай Владимирович
|
| 801 |
|
1 |
|a RU
|b 63413507
|c 20200723
|
| 801 |
|
2 |
|a RU
|b 63413507
|c 20210203
|g RCR
|
| 942 |
|
|
|c BK
|